|
|
|
|
| LEADER |
00000nab a2200000 a 4500 |
| 001 |
vtls000897109 |
| 003 |
SK-MaSNL |
| 005 |
20260305005154.0 |
| 008 |
040720e19980218xo 0 slo |
| 035 |
|
|
|a KE6132
|
| 040 |
|
|
|a KEVKJB
|b slo
|c KEVKJB
|e AACR2
|
| 041 |
0 |
|
|a slo
|
| 044 |
|
|
|a xo
|c SK
|
| 080 |
|
|
|a 785.16
|2 1981
|
| 100 |
1 |
|
|a Pilipčincová, Saša
|4 aut
|9 879314
|
| 245 |
1 |
0 |
|a Dav reval skoro ako na Rolling Stones
|b Janko Ledecký nám vždy hovoril: "Choďte s tým jazzom niekam", a tak sme šli
|
| 610 |
2 |
7 |
|a K.L.P.F. (hudobná skupina)
|2 SNKKA
|9 102497
|
| 610 |
2 |
7 |
|a GeS, Košice (agentúra)
|2 SNKKA
|9 884608
|
| 650 |
0 |
7 |
|a džez
|2 SNKPH
|9 3178
|
| 650 |
0 |
7 |
|a hudobné koncerty
|2 SNKPH
|9 60029
|
| 651 |
|
7 |
|a Praha (Česko)
|2 SNKPHgeo
|9 19313
|
| 651 |
|
7 |
|a Košice (Slovensko)
|2 SNKPHgeo
|9 18694
|
| 655 |
|
7 |
|a periodikum
|2 SNKPH
|9 29553
|
| 700 |
1 |
0 |
|a Meščanová, Katarína
|4 aut
|9 877434
|
| 710 |
2 |
|
|a K.L.P.F. (hudobná skupina)
|4 aut
|9 102497
|
| 710 |
2 |
|
|a Agentúra GES (Košice, Slovensko)
|4 aut
|9 102496
|
| 773 |
0 |
8 |
|t Korzár
|g Roč. 1, č.7, 18.2.1998
|
| 773 |
0 |
8 |
|i Príl.:
|t Ťahák. - Roč. 1, č.2 (1998), s.7. - fot. 2.
|
| 852 |
|
|
|a ZVYKNI
|b KIS3GCP
|
| 999 |
|
|
|c 3239166
|d 3241096
|